Научные труды. Т. 12: Ресурсосберегающие технологии в садоводстве и виноградарстве (Запись № 12271925)
[ простой вид ]
| 000 -МАРКЕР | |
|---|---|
| контрольное поле | 01766nam2a2200301 4500 |
| 001 - ИДЕНТИФИКАТОР ЗАПИСИ | |
| контрольное поле | RU\NLR\BIBL_A\011559022 |
| 005 - ИДЕНТИФИКАТОР ВЕРСИИ | |
| контрольное поле | 20250626092811.0 |
| 035 ## - ДРУГИЕ СИСТЕМНЫЕ НОМЕРА | |
| Идентификатор записи | (NLR Aleph) 011559022 |
| 100 ## - ДАННЫЕ ОБЩЕЙ ОБРАБОТКИ | |
| Данные общей обработки | 20171215d2017 |||y0rusy50 ca |
| 101 0# - ЯЗЫК РЕСУРСА | |
| Язык текста, звукозаписи и т.д. | русский |
| 102 ## - СТРАНА ПУБЛИКАЦИИ ИЛИ ПРОИЗВОДСТВА | |
| Страна публикации | Российская Федерация |
| 105 ## - ПОЛЕ КОДИРОВАННЫХ ДАННЫХ: ТЕКСТОВЫЕ МАТЕРИАЛЫ, МОНОГРАФИЧЕСКИЕ | |
| Кодированные данные о монографическом текстовом документе | a z 000yy |
| 200 1# - ЗАГЛАВИЕ И СВЕДЕНИЯ ОБ ОТВЕТСТВЕННОСТИ | |
| Основное заглавие | Ресурсосберегающие технологии в садоводстве и виноградарстве |
| Параллельное заглавие | Resources saving technologies in the horticulture and viticulture |
| Язык параллельного заглавия | английский |
| 210 ## - ПУБЛИКАЦИЯ, РАСПРОСТРАНЕНИЕ И ДР. | |
| Дата издания, распространения и т.д. | 2017 |
| Место издания, распространения и т.д. | Б. м. |
| 215 ## - ФИЗИЧЕСКАЯ ХАРАКТЕРИСТИКА | |
| Специфическое обозначение материала и объем | 188 с. |
| Другие сведения о физической характеристике | ил., цв. ил. |
| Размеры | 29 |
| 320 ## - ПРИМЕЧАНИЯ О НАЛИЧИИ В ДОКУМЕНТЕ БИБЛИОГРАФИИ / УКАЗАТЕЛЯ | |
| Текст примечания | Библиогр. в конце ст. |
| 461 #0 - УРОВЕНЬ НАБОРА | |
| Встроенное поле | 001RU\NLR\INFOCOMM55\1000110990 |
| -- | 2001#$aНаучные труды$fСев.-Кавк. зон. науч.-исслед. ин-т садоводства и виноградарства$vТ. 12 |
| Системный номер (АБИС) связанной записи | 4476163 |
| Автор | Северо-Кавказский зональный НИИ садоводства и виноградарства (Краснодар) |
| Место публикации | Краснодар |
| Дата публикации | 1972, 2014 - 2017 |
| Первые сведения об ответственности | Сев.-Кавк. зон. науч.-исслед. ин-т садоводства и виноградарства |
| Имя издателя, распространителя и т.д. | Краснодар. кн. изд-во |
| Заглавие | Научные труды |
| Номер тома | Т. 12 |
| 510 1# - ПАРАЛЛЕЛЬНОЕ ЗАГЛАВИЕ | |
| Параллельное заглавие | Resources saving technologies in the horticulture and viticulture |
| Язык заглавия | английский |
| 606 1# - НАИМЕНОВАНИЕ ТЕМЫ КАК ПРЕДМЕТ | |
| Наименование темы | Плодоводство |
| Формальный подзаголовок | Сборники |
| Тематический подзаголовок | Ресурсосберегающие технологии |
| Системный номер авторитетной/нормативной записи | 2528711 |
| Идентификатор авторитетной/нормативной записи | RU\NLR\AUTH\661497943 |
| 606 1# - НАИМЕНОВАНИЕ ТЕМЫ КАК ПРЕДМЕТ | |
| Наименование темы | Виноградарство |
| Формальный подзаголовок | Сборники |
| Тематический подзаголовок | Ресурсосберегающие технологии |
| Системный номер авторитетной/нормативной записи | 2349673 |
| Идентификатор авторитетной/нормативной записи | RU\NLR\AUTH\6601626915 |
| 686 1# - ИНДЕКСЫ ДРУГИХ КЛАССИФИКАЦИЙ | |
| Индекс | П25-4я43 |
| 686 1# - ИНДЕКСЫ ДРУГИХ КЛАССИФИКАЦИЙ | |
| Индекс | П26-4я43 |
| 852 ## - МЕСТОНАХОЖДЕНИЕ И ШИФР ХРАНЕНИЯ | |
| Идентификатор организации | NLR |
| Шифр хранения (Call Number) | П13/1409 |
| 942 ## - ДОПОЛНИТЕЛЬНЫЕ ЭЛЕМЕНТЫ ЗАПИСИ (АБИС) | |
| Тип экземпляра АБИС | Выпуск |
| 980 ## - КОЛЛЕКЦИЯ | |
| Название коллекции | Национальная библиография |
| 980 ## - КОЛЛЕКЦИЯ | |
| Название коллекции | Русская периодика |
Нет доступных экземпляров.